| Tag |
First Indicator |
Second Indicator |
Subfields |
| LEADER |
00000cam a2200000 a 4500 |
| 001 |
in00000892575 |
| 005 |
20151019163154.0 |
| 008 |
820129r19821643miu a 00010 eng d |
| 035 |
|
|
|a (OCoLC)08107760
|
| 035 |
|
|
|9 AEL1311AM
|
| 037 |
|
|
|a CL0037000041
|b University Microfilms International
|
| 037 |
|
|
|b University Microfilms International, 300 N. Zeeb Rd., Ann Arbor, MI 48106
|
| 040 |
|
|
|a UMI
|c UMI
|d OCL
|d m/c
|d UtOrBLW
|
| 043 |
|
|
|a e-uk-en
|
| 045 |
0 |
|
|a u4u4
|b 1643
|
| 049 |
|
|
|a TXAI
|
| 090 |
|
|
|a DA410
|b .C48
|
| 099 |
|
|
|a film
|a B
|a 3609
|
| 100 |
1 |
|
|a Chudleigh, James,
|d -1643.
|
| 245 |
1 |
0 |
|a Serjeant Major Iames Chvdleigh his declaration to his country-men.
|
| 264 |
|
1 |
|a [Place of publication not identified] :
|b [publisher not identified],
|c Printed, 1643.
|
| 300 |
|
|
|a 5 pages
|
| 336 |
|
|
|a text
|b txt
|2 rdacontent
|
| 337 |
|
|
|a microform
|b h
|2 rdamedia
|
| 338 |
|
|
|a microfilm reel
|b hd
|2 rdacarrier
|
| 500 |
|
|
|a Reproduction of original in the Cambridge University Library.
|
| 510 |
4 |
|
|a Wing
|c C3983.
|
| 533 |
|
|
|a Microfilm.
|b Ann Arbor, Mich. :
|c University Microfilms International,
|d 1982.
|e 1 microfilm reel ; 35 mm.
|f (Early English books, 1641-1700 ; 1225:18
|
| 500 |
|
|
|a Microform.
|
| 650 |
|
0 |
|a Stratton, Battle of, 1643
|x Sources.
|
| 651 |
|
0 |
|a Great Britain
|x History
|y Civil War, 1642-1649
|x Sources.
|
| 830 |
|
0 |
|a Early English books, 1641-1700 ;
|v 1225:18.
|
| 999 |
|
|
|a MARS
|
| 999 |
f |
f |
|s da90c1c5-363e-3451-89dd-3807e8185153
|i 1732158a-554d-39f9-8afd-3f456f333c58
|t 0
|
| 952 |
f |
f |
|p default
|a Texas A&M University
|b College Station
|c Sterling C. Evans Library
|d Evans: Microforms (3rd floor)
|t 0
|e film B 3609 1225:18
|h Other scheme
|i microform -- microfilm reel
|
| 998 |
f |
f |
|a film B 3609 1225:18
|t 0
|l Evans: Microforms (3rd floor)
|